[Event "Rubinstein mem"]
[Site "Polanica Zdroj"]
[Date "1991.??.??"]
[Round "3"]
[White "Dolmatov, Sergey"]
[Black "Wojtkiewicz, Aleksander"]
[Result "1/2-1/2"]
[WhiteElo "2605"]
[BlackElo "2510"]

1.e4 c5 2.Nf3 d6 3.d4 cxd4 4.Nxd4 Nf6 5.Nc3 a6 6.Be2 e6 7.a4 Nc6 8.Be3 Be7
9.O-O O-O 10.f4 Qc7 11.Kh1 Re8 12.Bf3 Na5 13.Qe1 Nc4 14.Bc1 e5 15.Nde2 Qc5  1/2-1/2

[Event "Rubinstein mem"]
[Site "Polanica Zdroj"]
[Date "1991.??.??"]
[Round "5"]
[White "Lautier, Joel"]
[Black "Wojtkiewicz, Aleksander"]
[Result "1/2-1/2"]
[WhiteElo "2560"]
[BlackElo "2510"]

1.c4 c5 2.Nf3 Nf6 3.Nc3 Nc6 4.d4 cxd4 5.Nxd4 e6 6.Bg5 Bb4 7.Rc1 h6 8.Bxf6 Qxf6
9.Nb5 O-O 10.a3 Be7 11.e3 Rd8 12.Be2 a6 13.Nd4 d5 14.Nxc6 bxc6 15.O-O Rb8
16.Qc2 a5 17.Rfd1 Bd7 18.Bf3 Bd6 19.Na4 Be5 20.Rb1 Be8 21.Be2 Bd6 22.g3 g6
23.e4 dxe4 24.Qxe4 c5 25.b3 Bf8 26.Qe3 Rd4 27.Nc3 Rbd8 28.Nb5 Rxd1+ 29.Rxd1 Rxd1+
30.Bxd1 Bc6 31.f3 Qa1 32.Qd3 Bxb5 33.cxb5 Qxa3 34.Bc2 Qb4 35.Kg2 h5 36.Bd1 Be7
37.Be2 Bf6 38.Qc4 Qd2 39.b6 Qd6 40.Qb5 Qb8 41.b7 Be7 42.Qd7 Bd6 43.f4 Qc7
44.Qc8+  1/2-1/2

[Event "Rubinstein mem"]
[Site "Polanica Zdroj"]
[Date "1991.??.??"]
[Round "6"]
[White "Wojtkiewicz, Aleksander"]
[Black "Smejkal, Jan"]
[Result "1/2-1/2"]
[WhiteElo "2510"]
[BlackElo "2555"]

1.Nf3 Nf6 2.c4 c5 3.g3 d5 4.cxd5 Nxd5 5.Bg2 Nc6 6.Nc3 Nc7 7.Qa4 Bd7 8.Qe4 g6
9.Ne5 Bg7 10.Nxd7 Qxd7 11.a3 O-O 12.Rb1 Rac8 13.O-O Ne6 14.b4 b6 15.Qd5 Rfd8
16.Qa2 cxb4 17.axb4 Ned4 18.e3 Nf5 19.Ne4 Ne5 20.d4 Nc4 21.b5 Rc7 22.Nd2 Nxd2
23.Bxd2 e6 24.Rfc1 Rdc8 25.Rxc7  1/2-1/2

[Event "Rubinstein mem"]
[Site "Polanica Zdroj"]
[Date "1991.??.??"]
[Round "10"]
[White "Wojtkiewicz, Aleksander"]
[Black "Mainka, Romuald"]
[Result "1/2-1/2"]
[WhiteElo "2510"]
[BlackElo "2445"]

1.Nf3 Nf6 2.c4 g6 3.g3 Bg7 4.Bg2 O-O 5.d4 d6 6.O-O Nbd7 7.Nc3 e5 8.h3 c6
9.e4 Qb6 10.Re1 exd4 11.Nxd4 Ne8 12.Nf3  1/2-1/2

[Event "Rilton Cup"]
[Site "Stockholm"]
[Date "1991.??.??"]
[Round "3"]
[White "Wojtkiewicz, Aleksander"]
[Black "Bator, Robert"]
[Result "1-0"]
[WhiteElo "2540"]
[BlackElo "2355"]

1.Nf3 Nf6 2.c4 e6 3.g3 d5 4.Bg2 Nc6 5.O-O Be7 6.d4 O-O 7.b3 a5 8.Nc3 Ne4
9.Bb2 f5 10.e3 Kh8 11.Ne1 Bb4 12.Rc1 Nxc3 13.Bxc3 Ba3 14.Rb1 b5 15.cxb5 Na7
16.Bxa5 Nxb5 17.Bd2 Ba6 18.Nc2 Qe7 19.b4 Nd6 20.Rb3 Bxf1 21.Bxf1 Bc1 22.Bxc1 Rxa2
23.Ba3 f4 24.exf4 g5 25.Qb1 Rxa3 26.Rxa3 gxf4 27.Qe1 Ne4 28.Bg2 fxg3 29.fxg3 Qg5
30.Rf3 Ra8 31.Rf4 Ra2 32.Bxe4 dxe4 33.Qxe4 Rb2 34.Rf2 Qc1+ 35.Kg2 Rb1 36.Qe5+ Kg8
37.Qxe6+  1-0

[Event "Rilton Cup"]
[Site "Stockholm"]
[Date "1991.??.??"]
[Round "4"]
[White "Brynell, Stellan"]
[Black "Wojtkiewicz, Aleksander"]
[Result "1/2-1/2"]
[WhiteElo "2410"]
[BlackElo "2540"]

1.e4 c5 2.c3 d5 3.exd5 Qxd5 4.d4 Nf6 5.Nf3 e6 6.Be2 Be7 7.c4 Qd8 8.O-O O-O
9.Nc3 cxd4 10.Nxd4 Bd7 11.Bf4 Nc6 12.Bf3 Rc8 13.Ndb5 e5 14.Be3 a6 15.Nd6 Bxd6
16.Qxd6 Bg4 17.Qxd8 Rfxd8 18.Bxg4 Nxg4 19.Bb6 Rd2 20.b3 Nf6 21.Rfd1 Rd7 22.Rxd7 Nxd7
23.Be3 Kf8 24.Rd1 Ke7 25.Kf1 f6 26.Ke2 Nd8 27.Nd5+ Ke6 28.Nb6 Nxb6 29.Bxb6 Nf7
30.f3 Nd6 31.g4 h5 32.h3 hxg4 33.hxg4 Rh8 34.Bc5 Nf7 35.Ke3 Rh3 36.Rd3 g6
37.a4 f5 38.gxf5+ gxf5 39.Kd2 f4 40.b4 Ng5 41.Ke2 Rh2+ 42.Kd1 Rh1+ 43.Ke2 Ra1
44.a5 Kf5 45.Rd7 Ra2+ 46.Kd3 Nxf3 47.Rf7+ Ke6 48.Re7+ Kf6 49.Rxb7 Nd2 50.b5 e4+
51.Kc3 axb5 52.cxb5 e3 53.Kd3 Rxa5 54.Bxe3 fxe3  1/2-1/2

[Event "Rilton Cup"]
[Site "Stockholm"]
[Date "1991.??.??"]
[Round "5"]
[White "Wojtkiewicz, Aleksander"]
[Black "Johansson, Jan"]
[Result "0-1"]
[WhiteElo "2540"]
[BlackElo "2415"]

1.Nf3 Nf6 2.c4 e6 3.g3 d5 4.Bg2 Be7 5.O-O O-O 6.d4 dxc4 7.Qc2 a6 8.a4 Nc6
9.Qxc4 Qd5 10.Qd3 Rd8 11.Nc3 Qh5 12.Qc4 Bd7 13.Bf4 Rac8 14.e4 Nb4 15.h3 c5
16.g4 Nxg4 17.hxg4 Qxg4 18.dxc5 Bxc5 19.Be3 Nc2 20.Bxc5 Nxa1 21.Qb4 Nc2 22.Qb6 Qh5
23.Be7 Re8 24.Qd6 Bc6 25.Rc1 b5 26.axb5 axb5 27.Ne5 Ba8 28.Bf3 Qh6 29.Rxc2 b4
30.Qxb4 f6 31.Ng4 Qf4 32.Bd6 Qxf3 33.Nh2 Qh3 34.Bg3 f5 35.exf5 Qg2+  0-1

[Event "Rilton Cup"]
[Site "Stockholm"]
[Date "1991.??.??"]
[Round "6"]
[White "Andersson, Bjorn"]
[Black "Wojtkiewicz, Aleksander"]
[Result "0-1"]
[WhiteElo "2330"]
[BlackElo "2540"]

1.e4 c5 2.Nf3 d6 3.g3 Nc6 4.Bg2 g6 5.O-O Bg7 6.d3 e5 7.h3 Nge7 8.Nbd2 O-O
9.Nh2 Be6 10.f4 exf4 11.gxf4 Qd7 12.Ng4 f5 13.exf5 Nxf5 14.Ne4 Bd4+ 15.Kh2 h5
16.c3 hxg4 17.cxd4 Nfxd4 18.Ng5 Bf5 19.hxg4 Bxg4 20.Qe1 Kg7 21.Qc3 Rh8+ 22.Kg1 Rae8
23.Bd2 Qf5 24.Rae1 Qf6 25.Kf2 Rxe1 26.Rxe1 Rf8 27.Bxc6 Qxg5 28.Kg3 Qf6 29.Bg2 Bd7
30.Bxb7 g5 31.Kf2 gxf4 32.Rg1+ Kf7 33.Bd5+ Be6 34.Bxe6+ Qxe6 35.Re1 Qh3 36.Qc4+ Kg6
37.Rg1+ Kh7 38.Qd5 Qh4+ 39.Kf1 Nf5 40.Qe4 d5 41.Qf3 Ng3+ 42.Ke1 Qh2 43.Qg2 Qh5
44.Bxf4 Re8+ 45.Kf2 Qe2+ 46.Kxg3 Rg8+ 47.Kh2 Qh5+ 48.Qh3 Qxh3+ 49.Kxh3 Rxg1
50.Be3 Ra1 51.Bxc5 Rxa2 52.b4 a6 53.Kg4 Re2 54.Kf5 Kg7 55.d4 Kf7 56.Bd6 Ke8
57.Bc5 Kd7 58.Bb6 Kc6 59.Bc5 Kb5  0-1

[Event "Rilton Cup"]
[Site "Stockholm"]
[Date "1991.??.??"]
[Round "7"]
[White "Wojtkiewicz, Aleksander"]
[Black "Carlhammar, Magnus"]
[Result "0-1"]
[WhiteElo "2540"]
[BlackElo "2290"]

1.Nf3 Nf6 2.c4 g6 3.g3 Bg7 4.Bg2 O-O 5.d4 d5 6.cxd5 Nxd5 7.O-O Nb6 8.Nc3 Nc6
9.d5 Na5 10.e4 c6 11.Bg5 h6 12.Bf4 cxd5 13.exd5 Nac4 14.Qe2 Bg4 15.b3 Bxc3
16.bxc4 Bxa1 17.Rxa1 Kh7 18.h3 Bxf3 19.Bxf3 Rc8 20.Rc1 Re8 21.Be3 Qd7 22.h4 e6
23.d6 Na4 24.c5 b6 25.c6 Qxd6 26.h5 e5 27.Rd1 Qf6 28.hxg6+ fxg6 29.Rd7+ Re7
30.Rxe7+ Qxe7 31.Qa6 Rf8 32.Bg4 Nc5 33.Qc4 Qd6 34.Bxc5 Qxc6  0-1

[Event "Rilton Cup"]
[Site "Stockholm"]
[Date "1991.??.??"]
[Round "8"]
[White "Johansson, Carl Fredrik"]
[Black "Wojtkiewicz, Aleksander"]
[Result "0-1"]
[WhiteElo "2210"]
[BlackElo "2540"]

1.d4 g6 2.c4 Bg7 3.Nc3 d6 4.e4 Nf6 5.Nf3 O-O 6.Be2 e5 7.O-O Nc6 8.d5 Ne7
9.Ne1 Nd7 10.Nd3 f5 11.Bd2 Nf6 12.f3 h5 13.exf5 gxf5 14.f4 e4 15.Ne1 h4 16.Be3 c5
17.dxc6 bxc6 18.Nc2 Be6 19.Nd4 Qd7 20.Qe1 Ng6 21.Rd1 Rab8 22.b3 Rb7 23.Kh1 Bh6
24.g3 Kh7 25.gxh4 Bf7 26.h5 Ne7 27.Qh4 Be8 28.Rg1 a6 29.Nc2 a5 30.Nd4 Qc8
31.Rg3 Rb8 32.Nc2 Qe6 33.Rdg1 c5 34.Qh3 a4 35.Rb1 axb3 36.axb3 Bc6 37.b4 cxb4
38.Nxb4 Ba8 39.Rgg1 Ng4 40.Bxg4 fxg4 41.Qxg4 Qxc4 42.Qd7 Rf7 43.Qxd6 Bxf4
44.Bxf4 e3+ 45.Nbd5 Bxd5+  0-1

[Event "Ter Apel"]
[Site "Ter Apel"]
[Date "1991.??.??"]
[Round "1"]
[White "Wojtkiewicz, Aleksander"]
[Black "Cramling, Pia"]
[Result "0-1"]
[WhiteElo "2540"]
[BlackElo "2470"]

1.Nf3 c5 2.c4 Nc6 3.Nc3 e5 4.g3 g6 5.a3 Bg7 6.Bg2 d6 7.O-O a5 8.d3 Nge7 9.Bg5 f6
10.Bd2 Be6 11.Ne1 O-O 12.Nc2 d5 13.cxd5 Nxd5 14.Nxd5 Bxd5 15.Bxd5+ Qxd5 16.Ne3 Qe6
17.Rc1 b6 18.Nc4 Rab8 19.a4 f5 20.Bc3 Kh8 21.e3 f4 22.Re1 f3 23.Kh1 Qg4 24.e4 Nd4
25.Bxd4 exd4 26.Rg1 g5 27.Qf1 Rf6 28.h3 Rh6 29.Kh2 Qd7 30.Rh1 Qxa4 31.Qd1 Qd7
32.Qxf3 Rf8  0-1

[Event "Ter Apel"]
[Site "Ter Apel"]
[Date "1991.??.??"]
[Round "2"]
[White "Brenninkmeijer, Joris"]
[Black "Wojtkiewicz, Aleksander"]
[Result "1/2-1/2"]
[WhiteElo "2520"]
[BlackElo "2540"]

1.d4 Nf6 2.c4 e6 3.Nf3 c5 4.d5 d6 5.Nc3 exd5 6.cxd5 g6 7.h3 Bg7 8.e4 O-O
9.Bd3 a6 10.a4 Nh5 11.O-O Nd7 12.Bg5 Bf6 13.Be3 Re8 14.g4 Ng7 15.Kg2 Rb8
16.Qd2 Qc7 17.Rac1 c4 18.Ne2 b5 19.axb5 axb5 20.b4 h5 21.g5 Be7 22.Bb1 Ne5
23.Nfg1 f5 24.gxf6 Bxf6 25.f4 Nf7 26.Nd4 Bd7 27.Kh1 Ra8 28.Qg2 Nh8 29.Ngf3 Ra1
30.Nc2 Rxb1 31.Rxb1 Rxe4 32.Nd2 Re8 33.Bd4 Qd8 34.Bxf6 Qxf6 35.Ne4 Qh4 36.Ng5 Nf7
37.Qf2 Qxf2 38.Rxf2 Nxg5 39.fxg5 Re5 40.Ra1  1/2-1/2

[Event "Ter Apel"]
[Site "Ter Apel"]
[Date "1991.??.??"]
[Round "4"]
[White "Csom, Istvan"]
[Black "Wojtkiewicz, Aleksander"]
[Result "0-1"]
[WhiteElo "2480"]
[BlackElo "2540"]

1.c4 c5 2.Nf3 Nf6 3.g3 b6 4.Bg2 Bb7 5.O-O e6 6.Nc3 a6 7.d4 cxd4 8.Qxd4 d6
9.Rd1 Nbd7 10.Ng5 Bxg2 11.Kxg2 Rc8 12.Nge4 Rc6 13.Bf4 Qa8 14.Qd3 Ng4 15.b3 Be7
16.f3 Nge5 17.Qe3 O-O 18.Rd2 Qb8 19.Rad1 b5 20.c5 Nxc5 21.Rxd6 Bxd6 22.Rxd6 Rxd6
23.Bxe5 Nxe4 24.Nxe4 Qb6 25.Qg5 f6 26.Nxf6+ Rxf6 27.Bxf6 Rd7 28.Qh5 Rf7 29.Bb2 Qe3
30.Kf1 h6 31.Be5 Qd2 32.Qg4 Qd1+ 33.Kf2 Qd5 34.f4 Qxe5  0-1

[Event "Ter Apel"]
[Site "Ter Apel"]
[Date "1991.??.??"]
[Round "5"]
[White "Wojtkiewicz, Aleksander"]
[Black "Bellon Lopez, Juan Manuel"]
[Result "0-1"]
[WhiteElo "2540"]
[BlackElo "2495"]

1.Nf3 c5 2.g3 Nc6 3.c4 e5 4.Nc3 g6 5.Bg2 Bg7 6.a3 d6 7.O-O a5 8.Ne1 Be6 9.d3 Nge7
10.Nc2 d5 11.cxd5 Nxd5 12.Ne3 Nde7 13.Ne4 b6 14.Qa4 O-O 15.Nxc5 bxc5 16.Bxc6 Nxc6
17.Qxc6 Rc8 18.Qa4 f5 19.Nc4 f4 20.Qxa5 Qg5 21.f3 e4 22.Qa6 Bh3 23.Bxf4 Rxf4
24.dxe4 Bd4+ 25.Kh1 Rcf8 26.Rfd1 Rxe4 27.fxe4 Qh5 28.Ne3 Bxe3 29.Qc4+ Kg7
30.Qc3+ Bd4 31.Rxd4 cxd4 32.Qxd4+ Rf6 33.Qa7+ Kh6 34.Qe3+ g5 35.Kg1 Qf7  0-1

[Event "Warsaw m"]
[Site "Warsaw"]
[Date "1991.??.??"]
[Round "2"]
[White "Wojtkiewicz, Aleksander"]
[Black "Sznapik, Aleksander"]
[Result "1/2-1/2"]
[WhiteElo "2495"]
[BlackElo "2460"]

1.Nf3 g6 2.d4 Bg7 3.c4 Nf6 4.g3 d6 5.Bg2 O-O 6.O-O c6 7.Nc3 Bf5 8.Ne1 Qd7
9.e4 Bh3 10.f3 Bxg2 11.Kxg2 Na6 12.Be3 Rfc8 13.Qe2 Ne8 14.Nd3 Nec7 15.Rfd1 d5
16.cxd5 cxd5 17.e5 Nb5 18.Nxb5 Qxb5 19.Qd2 e6 20.Rdc1 Bf8 21.Rxc8 Rxc8 22.Rc1 Rxc1
23.Nxc1 Qc4 24.b3 Qc6 25.Nd3 Nc7  1/2-1/2

[Event "Warsaw m"]
[Site "Warsaw"]
[Date "1991.??.??"]
[Round "3"]
[White "Sznapik, Aleksander"]
[Black "Wojtkiewicz, Aleksander"]
[Result "1/2-1/2"]
[WhiteElo "2460"]
[BlackElo "2495"]

1.e4 c5 2.Nf3 d6 3.d4 cxd4 4.Nxd4 Nf6 5.Nc3 a6 6.Be2 e6 7.f4 Be7 8.O-O O-O
9.Be3 Qc7 10.a4 Nc6 11.Qe1 e5 12.Nxc6 bxc6 13.Qg3 Kh8 14.Kh1 Be6 15.Rad1 Rab8
16.b3 Qa5 17.Bd2 exf4 18.Bxf4 Ne8 19.Nb1 Rd8 20.Nd2 d5 21.Bd3 Qb6 22.exd5 cxd5
23.Nf3 Nd6 24.Ng5 Bxg5 25.Bxg5 f6 26.Be3 Qc6 27.Bd4 Ne4 28.Qh4 Bf7 29.Rde1 Bg6
30.Kg1 Rde8 31.Re3 Kg8 32.Rfe1 Nd6 33.Rxe8 Rxe8 34.Rxe8+ Nxe8 35.Qg3 Kf7
36.h3 Nd6 37.Qe3 Nf5 38.Bxf5 Bxf5 39.c3 Be4 40.Qg3 h6 41.Qb8 Kg6 42.Kh2 Bc2
43.a5 Qe6 44.b4 Ba4 45.Qb6 Qc6 46.Bc5 Bb5 47.Qb8 Qe8 48.Qg3+ Kh7 49.Bd4 Qe4  1/2-1/2

[Event "Akropolis"]
[Site "Athens"]
[Date "1992.??.??"]
[Round "1"]
[White "Vragoteris, Antonios"]
[Black "Wojtkiewicz, Aleksander"]
[Result "0-1"]
[WhiteElo "2360"]
[BlackElo "2495"]

1.d4 Nf6 2.c4 c5 3.e3 g6 4.Nc3 Bg7 5.Nf3 O-O 6.Be2 d5 7.h3 cxd4 8.exd4 Nc6
9.O-O Be6 10.c5 Ne4 11.Bf4 Qa5 12.Nb5 Rac8 13.a3 Qd8 14.Rc1 b6 15.b4 bxc5
16.bxc5 Qa5 17.Nd2 a6 18.Nb3 Qa4 19.Nc7 Nxd4 20.Nxd4 Qxd4 21.Bxa6 Rcd8 22.Qxd4 Bxd4
23.c6 Bf5 24.g4 g5 25.Bh2 Bc8 26.Bxc8 Rxc8 27.Nxd5 Rfe8 28.c7 e6 29.Nb4 Bb2
30.Rc4 Nd2 31.Rc2 Nxf1 32.Rxb2 Nxh2 33.Kxh2 Rxc7 34.Rd2 Ra8 35.Rd3 Rca7 36.Nc2 Kg7
37.Kg2 Ra4 38.Rd7 R8a7 39.Rd8 Rc4 40.Ne3 Rc3 41.Nf1 Rcxa3 42.Ng3 Ra8 43.Nh5+ Kg6
44.Rd7 R3a7 45.Rd6 h6 46.Kg3 Ra3+ 47.Kg2 Rb3 48.Rd7 Rb2 49.Re7 Raa2  0-1

[Event "Akropolis"]
[Site "Athens"]
[Date "1992.??.??"]
[Round "2"]
[White "Wojtkiewicz, Aleksander"]
[Black "Mastrokoukos, Georgios"]
[Result "1-0"]
[WhiteElo "2495"]
[BlackElo "2330"]

1.Nf3 Nf6 2.c4 g6 3.g3 Bg7 4.Bg2 O-O 5.d4 c6 6.Nc3 d5 7.Qb3 dxc4 8.Qxc4 Be6
9.Qa4 Bd5 10.O-O Qb6 11.Rd1 Ne4 12.Qc2 Nxc3 13.bxc3 Nd7 14.e4 Bc4 15.Ba3 Rfe8
16.Nd2 Be2 17.Re1 Qa6 18.e5 Bd3 19.Qb3 Nb6 20.Bc1 Rac8 21.a4 Qa5 22.Ne4 Bc4
23.Qc2 Nd5 24.Nd2 Ba6 25.Bb2 Qc7 26.c4 Nb4 27.Qb3 c5 28.d5 b6 29.f4 e6 30.d6 Qd7
31.Bc3 Nc6 32.Qc2 Nd4 33.Qd3 f6 34.Bxd4 cxd4 35.Qxd4 fxe5 36.fxe5 Rc5 37.a5 Bb7
38.axb6 axb6 39.Ra7 Rc7 40.Qxb6  1-0

[Event "Akropolis"]
[Site "Athens"]
[Date "1992.??.??"]
[Round "3"]
[White "Pandavos, Panayotis"]
[Black "Wojtkiewicz, Aleksander"]
[Result "0-1"]
[WhiteElo "2340"]
[BlackElo "2495"]

1.e4 c5 2.Nf3 d6 3.d4 cxd4 4.Nxd4 Nf6 5.Nc3 a6 6.Bg5 e6 7.Qd3 b5 8.O-O-O Nbd7
9.f4 Bb7 10.a3 Be7 11.Bxf6 Nxf6 12.e5 dxe5 13.fxe5 Nd7 14.Qh3 Qc7 15.Bxb5 axb5
16.Nxe6 fxe6 17.Qxe6 Nc5 18.Qa2 Qb6 19.b4 Ne4 20.Nxe4 Bxe4 21.Rhf1 Rf8 22.Rxf8+ Bxf8
23.Rf1 O-O-O  0-1

[Event "Akropolis"]
[Site "Athens"]
[Date "1992.??.??"]
[Round "5"]
[White "Raicevic, Vladimir"]
[Black "Wojtkiewicz, Aleksander"]
[Result "1/2-1/2"]
[WhiteElo "2420"]
[BlackElo "2495"]

1.d4 Nf6 2.c4 c5 3.d5 e6 4.Nc3 exd5 5.cxd5 d6 6.Nf3 g6 7.Bf4 a6 8.a4 Bg7
9.h3 O-O 10.e3 Qe7 11.Nd2 Nh5 12.Bh2 f5 13.Nc4 f4 14.Be2 fxe3 15.Bxh5 Rxf2
16.Bg3 Rxg2 17.Qf3 Rxb2 18.Rc1 Rb4 19.Nxd6 Bd7 20.Bg4 Bxg4 21.hxg4 Nd7 22.Nce4 Rf8
23.Qxe3 Re8 24.a5 b5 25.axb6 Nxb6 26.Rd1 Nc4 27.Nxc4 Rxc4 28.O-O Rxe4 29.Qf3 Bd4+
30.Kg2 Qd7 31.d6 Qxg4 32.Qf7+ Kh8 33.Rxd4 Re2+ 34.Rf2 Qxd4 35.d7 Rxf2+ 36.Bxf2 Qe4+
37.Kh2 Qe5+ 38.Bg3 Qe2+ 39.Kh3 Qh5+ 40.Kg2 Qe2+ 41.Bf2 Qg4+ 42.Kh2 Qh5+  1/2-1/2

[Event "Akropolis"]
[Site "Athens"]
[Date "1992.??.??"]
[Round "6"]
[White "Wojtkiewicz, Aleksander"]
[Black "Grivas, Efstratios"]
[Result "1/2-1/2"]
[WhiteElo "2495"]
[BlackElo "2465"]

1.Nf3 Nf6 2.c4 g6 3.g3 Bg7 4.Bg2 O-O 5.d4 d6 6.O-O Nbd7 7.Nc3 e5 8.h3 h6
9.e4 Nh7 10.Be3 Ng5 11.Nxg5 hxg5 12.Rc1 exd4 13.Bxd4 Ne5 14.c5 dxc5 15.Bxc5 Re8
16.Qxd8 Rxd8 17.Be7 Rd2 18.Rfd1 Rxd1+ 19.Rxd1 Be6 20.Nd5 Bxd5 21.exd5 g4
22.Rc1 gxh3 23.Bxh3 c6 24.d6 f5 25.Rd1 Bf8 26.Bf6 Bg7 27.Be7 Bf8 28.f4 Nc4
29.Bf1 Nb6 30.Bg5 Nd5 31.d7 Bc5+ 32.Kh1 Bb6 33.Bc4 Bd8 34.Re1 Kg7 35.Re8 Nf6
36.Be6 Rb8 37.Kg2 c5 38.a4 b6 39.Kf1 a6 40.Ke2 b5 41.axb5 axb5 42.b3 c4 43.bxc4 bxc4
44.Kd1 c3 45.Kc2 Ra8 46.Bb3 Rb8 47.Bc4 Ra8 48.Kd3 Rb8 49.Ba6 Nxd7 50.Rxd8 Rxd8
51.Bxd8 Nc5+ 52.Kxc3 Nxa6  1/2-1/2

[Event "Akropolis"]
[Site "Athens"]
[Date "1992.??.??"]
[Round "7"]
[White "Moutousis, Konstantinos"]
[Black "Wojtkiewicz, Aleksander"]
[Result "1-0"]
[WhiteElo "2405"]
[BlackElo "2495"]

1.c4 c5 2.Nf3 Nc6 3.d4 cxd4 4.Nxd4 Nf6 5.Nc3 e6 6.g3 Qb6 7.Nb3 Ne5 8.e4 Bb4
9.Qe2 d6 10.f4 Nc6 11.Be3 Bxc3+ 12.bxc3 Qc7 13.Bg2 O-O 14.O-O e5 15.f5 b6
16.g4 Ba6 17.g5 Ne8 18.Rf3 Na5 19.Nxa5 bxa5 20.Rh3 g6 21.Qf2 Qxc4 22.Qh4 h5
23.gxh6  1-0

[Event "Bern op"]
[Site "Bern"]
[Date "1992.??.??"]
[Round "2"]
[White "Vatter, Hans Joachim"]
[Black "Wojtkiewicz, Aleksander"]
[Result "0-1"]
[WhiteElo "2280"]
[BlackElo "2495"]

1.e4 c5 2.Nf3 d6 3.d4 cxd4 4.Nxd4 Nf6 5.Nc3 a6 6.Be3 e6 7.f3 b5 8.g4 Bb7
9.Qd2 Nfd7 10.O-O-O Nb6 11.Bd3 N8d7 12.g5 Rc8 13.Kb1 Ne5 14.f4 Nec4 15.Qf2 Nxe3
16.Qxe3 Nc4 17.Bxc4 Rxc4 18.Rhe1 Be7 19.h4 b4 20.Nce2 O-O 21.Ng3 Re8 22.e5 Bf8
23.Nh5 Qb6 24.exd6 Qxd6 25.Nf5 Qc7 26.Rg1 Kh8 27.Nh6 Be4 28.Rd4 Rxd4 29.Qxd4 Bg6
30.Ng3 Rd8  0-1

[Event "Bern op"]
[Site "Bern"]
[Date "1992.??.??"]
[Round "5"]
[White "Pichler, Juergen"]
[Black "Wojtkiewicz, Aleksander"]
[Result "1-0"]
[WhiteElo "2430"]
[BlackElo "2495"]

1.d4 Nf6 2.Nf3 g6 3.c4 Bg7 4.Nc3 O-O 5.e4 d6 6.h3 Na6 7.Bd3 e5 8.d5 Nh5 9.Be3 Nf4
10.O-O Nxd3 11.Qxd3 f5 12.Rfd1 f4 13.Bd2 Nc5 14.Qe2 a5 15.Nb5 g5 16.Bxa5 Rxa5
17.b4 Rxb5 18.cxb5 Na4 19.Qc2 Nb6 20.Rdc1 Na8 21.a4 h5 22.Ra3 g4 23.Nh2 Bh6
24.f3 gxh3 25.gxh3 Kh8 26.Kh1 Rg8 27.Rg1 Rg3 28.Rc3 Bxh3 29.Qf2 h4 30.a5 Qb8
31.Rgc1 Qg8 32.R1c2 Bd7 33.b6 cxb6 34.axb6 h3 35.Ng4 Bg5 36.Qh2 Bd8 37.Nh6 Qf8
38.Rc8 Bxc8 39.Rxc8 Rxf3 40.Qe2 Re3 41.Qh5  1-0

[Event "EU-chT (Men)"]
[Site "Debrecen"]
[Date "1992.??.??"]
[Round "4"]
[White "Vaganian, Rafael A"]
[Black "Wojtkiewicz, Aleksander"]
[Result "1/2-1/2"]
[WhiteElo "2590"]
[BlackElo "2495"]

1.Nf3 c5 2.c4 Nf6 3.Nc3 Nc6 4.e3 e6 5.d4 d5 6.cxd5 exd5 7.Bb5 Bd7 8.O-O a6
9.Bxc6 Bxc6 10.b3 Bd6 11.dxc5 Bxc5 12.Bb2 O-O 13.Nd4 Bd7 14.Nce2 Bd6 15.Ng3 Re8
16.Ndf5 Bxf5 17.Nxf5 Be5 18.Bxe5 Rxe5 19.Nd4 Rc8 20.Rc1 Rxc1 21.Qxc1 Re7
22.Qb2 Rc7 23.Rc1 g6 24.Ne2 Rxc1+ 25.Nxc1 Qa5 26.Kf1 Ne4 27.f3 Nd6 28.Kf2 h5
29.Ne2 Nf5 30.g3 Ne7 31.b4 Qb5 32.a3 Nc6 33.Qc3 Qc4 34.Qxc4 dxc4 35.Nc3 Kf8
36.b5 axb5 37.Nxb5 Ke7 38.e4 Ne5 39.h3 Kd7 40.f4 Nd3+ 41.Ke3 Kc6 42.Nc3 b5
43.e5 Ne1 44.Kd2 Nf3+ 45.Ke3 Ne1 46.Kd2  1/2-1/2

[Event "EU-chT (Men)"]
[Site "Debrecen"]
[Date "1992.??.??"]
[Round "5"]
[White "Wojtkiewicz, Aleksander"]
[Black "Portisch, Lajos"]
[Result "1/2-1/2"]
[WhiteElo "2495"]
[BlackElo "2575"]

1.Nf3 d5 2.d4 Nf6 3.c4 e6 4.g3 dxc4 5.Qa4+ Nbd7 6.Bg2 a6 7.Qxc4 c5 8.Qc2 b6
9.dxc5 Bxc5 10.Nc3 Bb7 11.O-O Rc8 12.a3 O-O 13.Bg5 h6 14.Bxf6 Nxf6 15.Rfd1 Qe7
16.Nd4 Bxg2 17.Kxg2 Qb7+ 18.Kg1 Rc7 19.e3 Rd7 20.Nb3 Rxd1+ 21.Rxd1 Be7 22.Nd2 Rc8
23.Qd3 b5 24.Nde4 Nxe4 25.Qxe4 Qxe4 26.Nxe4 f5 27.Rd7 Bf8 28.Nc3 Bxa3 29.Nxb5 Bxb2
30.Nc7 a5 31.Nxe6 Ra8 32.Nc7 Ra7 33.Rd8+ Kh7 34.Nb5 Ra6 35.Nc7 Rf6 36.Rd5 Rc6
37.Rd7 Be5 38.Nb5 Ra6 39.Rd5 Bb2 40.Nc7 Ra7 41.Nb5 Ra6 42.Nc7 Rc6 43.Rb5 Rxc7
44.Rxb2 Ra7 45.Kf1 Kg6 46.Ke2 a4 47.Kd3 a3 48.Ra2 Kf6 49.e4 g5 50.exf5 g4
51.Ke3 Kxf5 52.f4 gxf3 53.Kxf3 h5 54.h3 Ke5 55.Ke3 Kd5 56.Kd3 Rf7 57.Ke3 Ra7
58.Kd3 Rg7 59.g4 hxg4 60.hxg4 Rxg4  1/2-1/2

[Event "EU-chT (Men)"]
[Site "Debrecen"]
[Date "1992.??.??"]
[Round "9"]
[White "Wojtkiewicz, Aleksander"]
[Black "Kortschnoj, Viktor"]
[Result "1/2-1/2"]
[WhiteElo "2495"]
[BlackElo "2585"]

1.Nf3 Nf6 2.c4 e6 3.g3 a6 4.b3 b5 5.Nc3 b4 6.Na4 d6 7.d4 Bb7 8.Bg2 Nbd7 9.O-O Be7
10.Ne1 Bxg2 11.Kxg2 Qc8 12.f3  1/2-1/2

[Event "Geneve op"]
[Site "Geneve"]
[Date "1992.??.??"]
[Round "1"]
[White "Wojtkiewicz, Aleksander"]
[Black "Meinsohn, Francis"]
[Result "1-0"]
[WhiteElo "2495"]
[BlackElo "2260"]

1.Nf3 Nf6 2.c4 e6 3.g3 b6 4.Bg2 Bb7 5.O-O c5 6.Nc3 a6 7.Re1 d6 8.e4 Nbd7
9.d4 cxd4 10.Nxd4 Qc7 11.Nd5 exd5 12.exd5+ Kd8 13.Nc6+ Bxc6 14.dxc6 Nc5 15.b4 Ne6
16.c5 bxc5 17.bxc5 d5 18.Bxd5 Nxd5 19.Qxd5+ Ke8 20.Bf4 Rd8 21.Qxe6+ fxe6
22.Bxc7 Rc8 23.Bd6 Rxc6 24.Rxe6+ Kd7 25.Rae1 Bxd6 26.cxd6 Rg8 27.Re7+ Kxd6
28.Ra7 Kc5 29.Rc1+ Kb6 30.Rxa6+ Kxa6 31.Rxc6+ Kb7 32.Rc4 Kb6 33.a4 Ka5 34.Rh4 h6
35.Rc4 g6 36.Kg2 Rf8 37.Rh4 h5 38.Re4 Rf6 39.f4 Rd6 40.Kh3  1-0

[Event "Geneve op"]
[Site "Geneve"]
[Date "1992.??.??"]
[Round "3"]
[White "Wojtkiewicz, Aleksander"]
[Black "Milosevic, Goran"]
[Result "1-0"]
[WhiteElo "2495"]
[BlackElo "2405"]

1.Nf3 c5 2.g3 g6 3.Bg2 Bg7 4.c4 Nc6 5.Nc3 d6 6.a3 Bd7 7.Rb1 h5 8.b4 b6 9.Bb2 Rc8
10.O-O Nh6 11.d3 Nf5 12.b5 Ncd4 13.Nd2 e5 14.Nde4 Ne6 15.Nd5 Ng5 16.Qd2 Nh7
17.f4 O-O 18.Rbe1 Be6 19.Nec3 exf4 20.Nxf4 Ne3 21.Rf3 Nxg2 22.Kxg2 Ng5 23.Rf2 Nh7
24.Ncd5 Bxd5+ 25.Nxd5 Be5 26.Bxe5 dxe5 27.Qh6 Qd6 28.e4 Rce8 29.Ref1 Re6
30.h3 Qd7 31.Kh2 Qb7 32.g4 hxg4 33.hxg4 f6 34.Qxg6+ Qg7 35.Qxg7+ Kxg7 36.Kg3 Ng5
37.Rf5 Kg6 38.Rh1 Ree8 39.Rf2 Rf7 40.Rfh2 Rd8 41.Rh6+ Kg7 42.Kf2 Rg8 43.Ke3 Rb8
44.R6h5 Kg6 45.a4 Re8 46.Rh8 Rxh8 47.Rxh8 Ne6 48.Re8 Nd4 49.Ne7+ Kg5 50.Rg8+ Kh4
51.Nf5+ Nxf5+ 52.exf5 Rd7 53.Rg6 Rd4 54.Rxf6 Kxg4 55.Rf7 Kg5 56.Rxa7 Kxf5
57.Rb7 e4 58.dxe4+ Rxe4+ 59.Kd3 Rd4+ 60.Kc3 Rd6 61.a5  1-0

[Event "Geneve op"]
[Site "Geneve"]
[Date "1992.??.??"]
[Round "6"]
[White "Ristic, Nenad"]
[Black "Wojtkiewicz, Aleksander"]
[Result "1/2-1/2"]
[WhiteElo "2370"]
[BlackElo "2495"]

1.e4 c5 2.c3 d5 3.exd5 Qxd5 4.d4 e6 5.Nf3 Nf6 6.Be2 cxd4 7.cxd4 Nc6 8.O-O Be7
9.Nc3 Qd6 10.Bg5 O-O 11.Re1 Bd7 12.Qd2 Nd5 13.Nxd5 Qxd5 14.Bxe7 Nxe7  1/2-1/2

[Event "Geneve op"]
[Site "Geneve"]
[Date "1992.??.??"]
[Round "8"]
[White "Wojtkiewicz, Aleksander"]
[Black "Gerber, Richard"]
[Result "1-0"]
[WhiteElo "2495"]
[BlackElo "2310"]

1.Nf3 Nf6 2.c4 g6 3.g3 Bg7 4.Bg2 O-O 5.d4 d6 6.O-O Nbd7 7.Nc3 e5 8.h3 Re8
9.e4 exd4 10.Nxd4 Nc5 11.Re1 a5 12.Rb1 h6 13.Ndb5 Be6 14.e5 dxe5 15.Qxd8 Raxd8
16.Nxc7 Nd3 17.Rd1 Nxc1 18.Rbxc1 Rxd1+ 19.Rxd1 Re7 20.Rd8+ Kh7 21.Nxe6 Rxe6
22.Rb8 Rb6 23.Rxb7 Rxb7 24.Bxb7 Bf8 25.Bc6 Kg7 26.a3 Nh7 27.Kg2 Ng5 28.Bd5 Kf6
29.c5 Ne6 30.Bxe6 Kxe6 31.b4 axb4 32.axb4 f5 33.Kf3 e4+ 34.Ke3 Bg7 35.Ne2 Kd5
36.Nf4+ Kc4 37.Ne6 Be5 38.c6 Kxb4 39.c7 Bxc7 40.Nxc7 Kc5 41.g4 Kd6 42.gxf5 gxf5
43.Nb5+ Ke5 44.f4+  1-0

[Event "Geneve op"]
[Site "Geneve"]
[Date "1992.??.??"]
[Round "9"]
[White "Wojtkiewicz, Aleksander"]
[Black "Shabalov, Alexander"]
[Result "1/2-1/2"]
[WhiteElo "2495"]
[BlackElo "2535"]

1.d4 d5 2.c4 c6 3.cxd5 cxd5 4.Nf3 Nf6 5.Nc3 Nc6 6.Bf4 Bf5 7.e3 e6 8.Bd3 Bxd3
9.Qxd3 Bd6 10.Bxd6 Qxd6 11.O-O O-O 12.Rac1 Rac8  1/2-1/2

[Event "Iraklion op"]
[Site "Iraklion"]
[Date "1992.??.??"]
[Round "2"]
[White "Wojtkiewicz, Aleksander"]
[Black "Nikolaidis, Konstantinos"]
[Result "1-0"]
[WhiteElo "2495"]
[BlackElo "2230"]

1.Nf3 Nf6 2.c4 g6 3.g3 Bg7 4.Bg2 O-O 5.d4 d6 6.O-O Nbd7 7.Nc3 e5 8.e4 c6
9.h3 Qb6 10.d5 cxd5 11.cxd5 Nc5 12.Ne1 Nh5 13.Kh2 Bd7 14.Bf3 Nf6 15.Rb1 a5
16.Be3 Ne8 17.Nd3 f5 18.Nxc5 dxc5 19.d6 Nf6 20.exf5 gxf5 21.Nd5 Qxd6 22.Nxf6+ Rxf6
23.Bxb7 Rb8 24.Qxd6 Rxd6 25.Bxc5 Rd2 26.Be3 Re2 27.Bd5+ Kf8 28.b3 Rxa2 29.Ra1 Rb2
30.Rxa5 Ke8 31.Rd1 Bf8 32.Bf3 e4 33.Bh5+  1-0